000 00415nam a22001697a 4500
999 _c527055
_d527055
003 NUST
020 _qP/B
038 _awaseem
082 _a891.4391092
_bMUS
100 _aAli, Mushtaq
_918121
245 _aKaram Haidari /
_cMushtaq Ali
260 _aIslamabad :
_bA.I.O.U,
_c1995.
300 _a285 p. ;
880 _6100-01\r
_aمشتاق علی
880 _6245-02\r
_aکرم حیدری /
942 _2ddc
_cBK